Catálogo

Vista normal Vista MARC

Entrada Personal Name

Número de registros utilizados en: 1

001 - CONTROL NUMBER

  • control field: 17356

003 - CONTROL NUMBER IDENTIFIER

  • control field: DLC

005 - DATE AND TIME OF LATEST TRANSACTION

  • control field: 20250721132559.0

008 - FIXED-LENGTH DATA ELEMENTS

  • fixed length control field: 030327n| acannaabn |a aaa c

010 ## - LIBRARY OF CONGRESS CONTROL NUMBER

  • LC control number: no2003030627

035 ## - SYSTEM CONTROL NUMBER

  • System control number: (OCoLC)oca06009763

040 ## - CATALOGING SOURCE

  • Original cataloging agency: MX-SlUA
  • Language of cataloging: spa
  • Transcribing agency: Mx-PuUPA
  • Modifying agency: Mx-PuUPA
  • Description conventions: rda

100 1# - HEADING--PERSONAL NAME

  • Personal name: Fernández Valiñas, Ricardo,

374 ## - OCCUPATION

  • Occupation: Autor

375 ## - GENDER

  • Gender: hombre

377 ## - ASSOCIATED LANGUAGE

  • Language code: spa

400 1# - SEE FROM TRACING--PERSONAL NAME

  • Personal name: Valiñas, Ricardo Fernández

670 ## - SOURCE DATA FOUND

  • Source citation: Manual para elaborar un plan de mercadotecnia, c2001 :
  • Information found: t.p. (Ricardo Fernández Valiñas)